| 000 | 00000nam##2200000za#4500 |
| 001 | 9.603177 |
| 003 | CaOODSP |
| 005 | 20210624210937 |
| 007 | cr ||||||||||| |
| 008 | 150406|2002||||xxc|||||o f|0| 0 fre|d |
| 040 | |aCaOODSP|bfre |
| 043 | |an-cn--- |
| 086 | 1 |aH13-6/2002-3F-PDF |
| 110 | 1 |aCanada. |bSanté Canada. |
| 245 | 10|aLes soins primaires / |h[ressource électronique]|c[par] Ann L. Mable et John Marriott. |
| 246 | 1 |aLe Fonds pour l'adaptation des services de santé |
| 260 | |aOttawa - Ontario : |bSanté Canada |cc2002. |
| 300 | |a68p.|bréférences, tableaux |
| 490 | 1 |aSérie de rapports de synthèse |
| 500 | |a«De la connaissance à la pratique, Le Fonds pour l'adaptation des services de santé»-p.1 de 68. Le n° de catalogue (H13-6/2002-3) et l'ISBN (0-662-66306-3) de l'édition imprimée bilingue ont été incorrectement copiés dans l'édition électronique. |
| 590 | |a12-08-Supp|b2012-03-16 |
| 691 | 07|aSoins de santé|2gcpds |
| 720 | 1 |aMable, Ann L. |
| 720 | 1 |aMarriott, John |
| 775 | 08|tPrimary health care / |w(CaOODSP)9.572931 |
| 776 | 0#|tPrimary health care / |w(CaOODSP)9.536366 |
| 776 | 0#|tLes soins primaires / |w(CaOODSP)9.536367 |
| 830 | #0|aSérie de rapports de synthèse.|w(CaOODSP)9.503206 |
| 856 | 40|ahttp://publications.gc.ca|qPDF|s618 Ko|uhttps://publications.gc.ca/collections/Collection/H13-6-2002-3F.pdf |